Nghiên cứu các nhân tố ảnh hưởng đến nhận thức kỹ năng được đào tạo của sinh viên khu Hòa An, Trường đại học Cần Thơ : Báo cáo tổng kết đề tài nghiên cứu khoa học của sinh viên

Tập trung nghiên cứu về các yếu tố ảnh hưởng đến khả năng nhận thức đối với kỹ năng được đào tạo của sinh viên khu Hòa An (khu HA), trường Đại học Cần Thơ (trường DHCT) từ đó đề xuất các giải pháp nhằm nâng cao nhận thức của sinh vie...

Πλήρης περιγραφή

Αποθηκεύτηκε σε:
Λεπτομέρειες βιβλιογραφικής εγγραφής
Κύριος συγγραφέας: Huỳnh, Đình Tuân
Μορφή: Βιβλίο
Γλώσσα:Undetermined
Έκδοση: Cần Thơ Trường Đại học Cần Thơ 2014
Θέματα:
Ετικέτες: Προσθήκη ετικέτας
Δεν υπάρχουν, Καταχωρήστε ετικέτα πρώτοι!
Thư viện lưu trữ: Trung tâm Học liệu Trường Đại học Cần Thơ
LEADER 01527nam a2200229Ia 4500
001 CTU_210492
008 210402s9999 xx 000 0 und d
082 |a 378.1035 
082 |b T502 
088 |a TSV2014-34 
100 |a Huỳnh, Đình Tuân 
245 0 |a Nghiên cứu các nhân tố ảnh hưởng đến nhận thức kỹ năng được đào tạo của sinh viên khu Hòa An, Trường đại học Cần Thơ : 
245 0 |b Báo cáo tổng kết đề tài nghiên cứu khoa học của sinh viên 
245 0 |c Huỳnh Đình Tuân ; Phan Anh Tú (hướng dẫn) 
260 |a Cần Thơ 
260 |b Trường Đại học Cần Thơ 
260 |c 2014 
520 |a Tập trung nghiên cứu về các yếu tố ảnh hưởng đến khả năng nhận thức đối với kỹ năng được đào tạo của sinh viên khu Hòa An (khu HA), trường Đại học Cần Thơ (trường DHCT) từ đó đề xuất các giải pháp nhằm nâng cao nhận thức của sinh viên khu HA, trường ĐHCT đối với các kỹ năng được đào tạo. 
650 |a Education, Higher,Giáo dục đại học và xã hội,Giáo dục đại học,Higher education and society 
650 |x Activity programs,Chương trình hoạt động 
904 |i Nguyễn Văn Môi,Qhieu 
980 |a Trung tâm Học liệu Trường Đại học Cần Thơ